Maximilien et Charlotte du Mexique (Record no. 3651)
[ view plain ]
| 000 -CABECERA | |
|---|---|
| campo de control de longitud fija | 01037nam a2200277 a 4500 |
| 001 - NÚMERO DE CONTROL | |
| campo de control | BRCA_3924 |
| 005 - FECHA Y HORA DE LA ÚLTIMA TRANSACCIÓN | |
| campo de control | 20190320204458.0 |
| 008 - DATOS DE LONGITUD FIJA--INFORMACIÓN GENERAL | |
| campo de control de longitud fija | 100110s1927----fr-a######---#000-0#fre-# |
| 041 ## - CÓDIGO DE LENGUA | |
| Código de lengua del texto/banda sonora o título independiente | fre |
| 044 ## - CÓDIGO DEL PAÍS DE LA ENTIDAD EDITORA/PRODUCTORA | |
| Código MARC del país | fr |
| 050 #4 - SIGNATURA TOPOGRÁFICA DE LA BIBLIOTECA DEL CONGRESO | |
| Número de clasificación | F1233.M3 |
| Número de documento/Ítem | .C67 1927 |
| 100 1# - ENTRADA PRINCIPAL--NOMBRE DE PERSONA | |
| Nombre de persona | Corti, Egon Caesar, comte. |
| 9 (RLIN) | 10209 |
| 245 10 - MENCIÓN DE TÍTULO | |
| Título | Maximilien et Charlotte du Mexique |
| Resto del título | d´ apres les archives secretes de l´ empereur Maximilien et autres sources inedites |
| Mención de responsabilidad, etc. | Egon Caesar Corti ; traduit par J. Vernay. |
| 260 ## - PUBLICACIÓN, DISTRIBUCIÓN, ETC. | |
| Lugar de publicación, distribución, etc. | París |
| Nombre del editor, distribuidor, etc. | Plen |
| Fecha de publicación, distribución, etc. | 1927 |
| 300 ## - DESCRIPCIÓN FÍSICA | |
| Extensión | 2 v. |
| Otras características físicas | il., mapas, retratos |
| Dimensiones | 23 cm. |
| 500 ## - NOTA GENERAL | |
| Nota general | El vol. 1 es 4a. ed. y el vol. 2 es 5a. ed. |
| 500 ## - NOTA GENERAL | |
| Nota general | Incluye índice de nombres propios y apéndice : p. 373-475. |
| 500 ## - NOTA GENERAL | |
| Nota general | C74 |
| 504 ## - NOTA DE BIBLIOGRAFÍA, ETC. | |
| Nota de bibliografía, etc. | Bibliografía : p. 387-399. |
| 600 14 - PUNTO DE ACCESO ADICIONAL DE MATERIA--NOMBRE DE PERSONA | |
| Nombre de persona | Carlota. emperatriz consorte de Maximiliano |
| Forma completa/desarrollada del nombre | Emperador de México |
| Subdivisión cronológica | 1840-1927 |
| 9 (RLIN) | 10210 |
| 600 14 - PUNTO DE ACCESO ADICIONAL DE MATERIA--NOMBRE DE PERSONA | |
| Nombre de persona | Maximiliano. |
| Títulos y otros términos asociados al nombre | Emperador de México |
| Subdivisión cronológica | 1832-1867 |
| 9 (RLIN) | 10211 |
| 651 #4 - PUNTO DE ACCESO ADICIONAL DE MATERIA--NOMBRE GEOGRÁFICO | |
| Nombre geográfico | México |
| Subdivisión de forma | Historia |
| 9 (RLIN) | 9143 |
| 700 1# - PUNTO DE ACCESO ADICIONAL--NOMBRE DE PERSONA | |
| Nombre de persona | Vernay, J. |
| 9 (RLIN) | 10212 |
| 902 ## - CATALOGADOR | |
| Iniciales | GFM |
| 942 ## - ELEMENTOS DE PUNTO DE ACCESO ADICIONAL (KOHA) | |
| Fuente del sistema de clasificación o colocación | Library of Congress Classification |
| Tipo de ítem Koha | Libros |
| Estado de retiro | Estado de pérdida | Estado dañado | No para préstamo | Localización permanente | Ubicación/localización actual | Fecha de adquisición | Número de inventario | Total de préstamos | Signatura topográfica completa | Código de barras | Fecha visto por última vez | Precio válido a partir de | Tipo de ítem Koha |
|---|---|---|---|---|---|---|---|---|---|---|---|---|---|
| El ejemplar forma parte de la colección y puede ser consultado según las políticas vigentes. | Biblioteca del Museo Franz Mayer (Rogerio Casas-Alatriste) | Biblioteca del Museo Franz Mayer (Rogerio Casas-Alatriste) | 10/01/2010 | C74 | F1233.M3 .C67 1927 (C74) | 3921 | 22/03/2019 | 22/03/2019 | Libros |